| 000 | 01139cam a2200169 4500500 | ||
|---|---|---|---|
| 005 | 20260208000728.0 | ||
| 041 | _afre | ||
| 042 | _adc | ||
| 100 | 1 | 0 |
_ade Vidas, Anath Ariel _eauthor |
| 700 | 1 | 0 |
_aNoûs, Camille _eauthor |
| 245 | 0 | 0 | _aDavid Berliner. Perdre sa culture, Brussels, Zones sensibles, 2018, 155 pp., bibl., index. |
| 260 | _c2021. | ||
| 500 | _a65 | ||
| 520 | _aThis article examines the use of urinals at the major festival held in the city of Bayonne. Based on direct observations (2017, 2018, and 2019), interviews with festayres, members of the City Council, bartenders, and a review of the main local newspaper, this article first describes the practice of urinating in public during the festivities. After examining the City Council’s attempts to contain the issue, the article highlights the role played by a normative strategy, the modern equivalent of the handbook on good manners in Norbert Elias’s work. | ||
| 786 | 0 | _nEthnologie française | 51 | 2 | 2021-07-01 | p. 463-470 | 0046-2616 | |
| 856 | 4 | 1 | _uhttps://shs.cairn.info/journal-ethnologie-francaise-2021-2-page-463?lang=en&redirect-ssocas=7080 |
| 999 |
_c1643924 _d1643924 |
||